000 01466nam0a2200373 i 4500
001 RU\NLR\BIBL_A\010847837
005 20241114223750.0
010 _a9785970435144
_93000
021 _aRU
_b2015-62843
_93740
035 _a(NILC)RuMoRGB-008003457
035 _a(NLR Aleph) 010847837
090 _a10360873
_c10360873
100 _a20150925d2015 k y0rusy50 ca
101 0 _arus
102 _aRU
105 _a |||z|||000
200 1 _aВозрастная макулярная дегенерация
_fС. А. Алпатов, А. Г. Щуко
205 _a2-е изд., перераб. и доп.
210 _aМосква
_cГЭОТАР-Медиа
_d2015
215 _a174 с.
_cил., цв. ил.
_d20
300 _aНа обороте тит. л. авт.: Алпатов С.А., д.м.н., Щуко А.Г., д.м.н., проф.
320 _aБиблиогр.: с. 166-174 (148 назв.)
606 _aМакулярная дегенерация возрастная
_jПрактические пособия
_92583620
_3RU\NLR\AUTH\661527198
675 _a617.7
686 1 _aР673.909я7
700 1 _aАлпатов
_bС. А.
_gСергей Анатольевич
701 1 _aЩуко
_bА. Г.
_gАндрей Геннадьевич
801 0 _aRU
_bРГБ
_c20150824
_gRCR
801 2 _aRU
_bРГБ
_c20150828
_grcr
801 1 _aRU
_bРГБ
_c20150824
_2rusmarc
942 _cBOOK
980 _aNBR